000
00217nam a2200097Ia 4500
008
240331s9999 xx 000 0 und d
082
_b
CAR
100
_a
Carter, C
245
2
_a
A Sinhalese-English dictionary
942
_c
L
999
_c
3262
_d
3262